[Event "Wch U20"]
[Site "Gausdal"]
[Date "1986.??.??"]
[Round "12"]
[White "Barua, Dibyendu"]
[Black "Anand, Viswanathan"]
[Result "1-0"]
[WhiteElo "2400"]
[BlackElo "2420"]
[Annotator "Narayanan,Srinath"]
[PlyCount "103"]
[EventDate "1986.08.??"]
[EventType "swiss"]
[EventRounds "13"]
[EventCountry "NOR"]
[SourceTitle "EXT 1997"]
[Source "ChessBase"]
[SourceDate "1996.11.15"]
[SourceVersion "1"]
[SourceVersionDate "1996.11.15"]
[SourceQuality "1"]

1. e4 c5 2. Nf3 e6 3. d4 cxd4 4. Nxd4 Nc6 5. Nc3 a6 6. Be2 {The classical
variation is Barua's pet system. He employs it against almost all the sicilian
systems, with good success.} Qc7 7. a4 Nf6 8. O-O Bb4 {attempting to exploit
White's early a4.} (8... Be7 9. Be3 d6 10. f4 O-O 11. Kh1 {would transpose to
the classical scheningen systems, which I expect in 1986 would've been very
popular - with all the Karpov-Kasparov games.}) 9. Bg5 {exploiting the lack of
bishop on e7.} Qe5 (9... Be7 10. Be3 {could still transpose}) 10. Nf3 Qa5 {
playing so many moves with the Queen isn't a sign of a healthy position from
opening. In general, in the paulsen systems, Black often has trouble to
develop the c8 bishop and the d6 square is especially vulnerable early on.
Often we see moves like e5 - taking advantage of the weak d6.} 11. Bxf6 gxf6
12. Nd2 $6 (12. Qd3 $142 Ne5 13. Nxe5 Qxe5 {White is a tempo up from the game
continuation.} 14. Nd1 $14) 12... Qc7 13. Nc4 Ne5 {removing the dangerous
knight. However after the exchange of knight on e5, it appears like Black has
spent many tempos with the queen - but White also spent Nd2-c4 to end up
exchanging on e5. ..} 14. Nxe5 (14. Ne3 $5) 14... Qxe5 15. Qd3 h5 16. f4 Qc7 {
despite 6 moves with the queen, Black's lack of development is compensated by
his control over dark squares.} 17. Kh1 Be7 18. a5 (18. Qg3 h4 19. Qg7 Rf8 20.
Bh5) 18... h4 19. Qd4 Rb8 20. b4 $2 b5 21. Rad1 Bb7 {After White's dubious
handling of the middlegame, Black has developed comfortably. The king on e8 is
no less protected than the king on h1 and Black's pair of bishops will soon be
ready to make their presence felt...} 22. Bf3 $2 Bc6 $4 {playing right into
White's hands} (22... Qxf4 $142 23. Qxd7+ Kf8 $17) 23. Nd5 Bxd5 24. exd5 Qc8
25. d6 Bf8 26. f5 e5 27. Qd3 Bh6 28. Bd5 Kf8 29. c3 Kg7 30. Qf3 Bg5 31. Rd3 Rh7
32. Re1 Kh8 33. Qe4 Bf4 34. Rf1 Bg5 35. Rb1 Bf4 36. c4 bxc4 37. Qxc4 Qxc4 38.
Bxc4 Rh5 39. Bxa6 Rxf5 40. Rd5 Be3 41. Bd3 Rf4 42. b5 Ra4 43. b6 Kg7 44. Bf5
Rb7 45. Rdb5 e4 46. g3 h3 47. Bxh3 Bd2 48. Bxd7 e3 49. Bc8 Rb8 50. d7 Rd4 51.
Kg2 e2 52. Kf2 1-0

[Event "EU-chT (Men) 15th"]
[Site "Gothenburg"]
[Date "2005.08.06"]
[Round "8.2"]
[White "Cheparinov, Ivan"]
[Black "Pelletier, Yannick"]
[Result "1/2-1/2"]
[WhiteElo "2634"]
[BlackElo "2603"]
[Annotator "Pelletier,Y"]
[PlyCount "85"]
[EventDate "2005.07.30"]
[EventType "team-swiss"]
[EventRounds "9"]
[EventCountry "SWE"]
[SourceTitle "CBM 109"]
[Source "ChessBase"]
[SourceDate "2005.11.14"]
[SourceVersion "1"]
[SourceVersionDate "2005.11.14"]
[SourceQuality "1"]
[WhiteTeam "Bulgaria"]
[BlackTeam "Switzerland"]
[WhiteTeamCountry "BUL"]
[BlackTeamCountry "SUI"]

1. e4 c5 2. Nf3 e6 3. d4 cxd4 4. Nxd4 Nc6 5. Nc3 Qc7 6. Be3 Nf6 7. Ndb5 Qb8 8.
f4 d6 9. Qd2 a6 10. Nd4 Be7 11. O-O-O Bd7 {Der kleine Tanz Ndb5-d4 und Qc7-b8
ist dem Nachziehenden günstig. Die Stellung ist einem Rauzer ähnlich.} 12. Kb1
b5 13. Bd3 O-O ({Genauer ist zuerst} 13... b4 14. Nce2 O-O) 14. Nf3 $5 Rd8 ({
Nun erlaubt} 14... b4 {den Sprung nach a4:} 15. Na4 {[%cal Ga4b6]} Bd8 16. b3 {
[%cal Ga4b2]}) ({Eine andere Idee war} 14... Rc8 {, um nach} 15. h3 b4 16. Na4
Bd8 {zu ziehen. Aber die Folge} 17. Qf2 Na5 18. Nb6 Bxb6 19. Bxb6 Nc4 20. Bd4
$40 {gefiel mir nicht.}) 15. g4 $5 ({Ein sehr interessantes, wenn auch
vielleicht nicht ganz korrektes, Bauernopfer.} 15. h3 Nb4 {ist eine andere
Geschichte, wobei der Rd8 jetzt gut steht.}) 15... Nxg4 16. Rhg1 Nxe3 17. Qxe3
Qa7 (17... b4 {erlaubt} 18. Nd5 $5 exd5 19. exd5) 18. Qe2 ({Auch} 18. Qd2 {
machte Sinn.}) 18... Nb4 {Auch wenn der weiße Angriff noch nicht besonders
bedrohlich ist, ist es nützlich, Figuren abzutauschen.} 19. Rg3 Nxd3 20. cxd3
b4 21. Rdg1 g6 (21... bxc3 $2 {ist gefährlich:} 22. Rxg7+ Kh8 23. Qg2 c2+ 24.
Kxc2 Qc5+ 25. Kb1 Qh5 26. Qe2 {[%cal Gf3e5]} Bb5 27. a4 Bf6 28. R7g3 $44) 22.
Nd1 Rac8 23. Ne3 Qc5 24. h4 Rc7 25. Nd2 Rdc8 $2 ({Schwarz konnte mittels} 25...
Ba4 $1 {[%csl Rd2] Vorteil bekommen:} 26. h5 Bc2+ 27. Ka1 Qd4 28. hxg6 hxg6 $17
{[%csl Ra1]}) 26. Nb3 {Jetzt wo sein König ziemlich sicher ist, kann Weiß zum
Angriff schreiten.} Qb5 27. h5 Be8 28. hxg6 ({Genauer war} 28. f5 Bf6 29. hxg6
hxg6 30. fxg6 fxg6 31. Nc4 $36) 28... fxg6 29. f5 exf5 $5 (29... Bf7 30. fxg6
hxg6 31. Nc4 $36) 30. Nd5 f4 $6 ({Nach dem richtigen} 30... Bf7 $1 {bietet
sich die Zugwiederholung} 31. Nd4 (31. Nxc7 Rxc7 32. Nd4 Qa5) 31... Qa5 32. Nb3
Qb5 $11) 31. Nxc7 (31. Rh3 $1 {[%csl Gd5] war noch stärker}) 31... Rxc7 32. Rg4
a5 33. Rxf4 a4 34. Nd2 $2 $138 ({In Zeitnot wendet sich wieder das Blatt.} 34.
Nd4 $1 Qe5 (34... Qc5 35. Qf2) 35. Qf2 $16 {war besser.}) 34... Qc5 35. Nf3 b3
36. d4 bxa2+ ({Mit nur wenigen Minuten auf der Uhr gelang es mir nicht, zu
entscheiden, ob ein Bauer auf b3 bleiben sollte.} 36... Bb5 37. dxc5 Bxe2 38.
cxd6 Bxd6 39. e5 Be7 $36 {[%csl Gb3] ist aber auch gut.}) 37. Ka1 Qb4 38. Qd2
Qb3 $6 $138 ({Zu klarem Vorteil führte} 38... Qxd2 39. Nxd2 Rc2 40. Nf3 (40.
Nf1 Rc1+ 41. Kxa2 Bb5 $19) 40... Rf2 41. Kxa2 d5 $17) 39. Rc1 Rxc1+ 40. Qxc1 g5
({Gewinnt Material, erzwingt aber auch das Remis. Nach} 40... Bd7 {[%csl Ra1,
Gd7,Ge7] konnte Schwarz immer noch um Vorteil kämpfen.}) 41. Rf5 Bg6 (41... Bd7
42. Rxg5+ (42. Ra5 Qxf3 43. Ra7 Qg4 44. Qc7 Qxe4 $19) 42... Bxg5 43. Qxg5+ Kf7
44. Qh5+ Kf8 45. Ng5 $11) 42. Qc8+ Kg7 43. Qd7 {Das Dauerschach ist
unabwendbar.} 1/2-1/2

[Event "Biel GM"]
[Site "Biel"]
[Date "2007.08.02"]
[Round "9"]
[White "Polgar, Judit"]
[Black "Pelletier, Yannick"]
[Result "1/2-1/2"]
[WhiteElo "2707"]
[BlackElo "2591"]
[Annotator "Pelletier,Y"]
[PlyCount "97"]
[EventDate "2007.07.23"]
[EventType "tourn"]
[EventRounds "9"]
[EventCountry "SUI"]
[EventCategory "18"]
[SourceTitle "CBM 120"]
[Source "ChessBase"]
[SourceDate "2007.10.02"]
[SourceVersion "1"]
[SourceVersionDate "2007.10.02"]
[SourceQuality "1"]

1. e4 c5 2. Nf3 e6 3. d4 cxd4 4. Nxd4 Nc6 5. Nc3 Qc7 6. Be3 Nf6 7. Ndb5 Qb8 8.
f4 d6 9. Qf3 Be7 10. Bd3 a6 11. Nd4 Bd7 12. O-O Nb4 ({Nach} 12... O-O 13. Rae1
{erreichen wir eine bekannte Variante der Scheweningen, wo Weiss ein Tempo
mehr besitzt.}) 13. f5 $5 e5 $6 ({Dieser Zug wäre gut, stünde die schwarze
Dame auf d8, um d6-d5 zu unterstützen und das Feld g5 zu kontrollieren. Hier
hätte ich aber} 13... O-O 14. Qg3 Kh8 {bevorzugen sollen.}) 14. Nde2 Bc6 15. a3
Nxd3 16. cxd3 O-O ({Wegen des folgenden Bauernopfers des Anziehenden ist
dieser Zug nicht befriedigend. Von den Alternativen sieht vielleicht nur} 16...
Qd8 {besser aus, z.B:} 17. d4 exd4 18. Nxd4 O-O $14 {[%csl Ge5][%cal Gf6d7,
Ge7f6]}) (16... b5 $6 {funktionniert nicht gut wegen} 17. Qg3 Qb7 18. Qxg7 Rg8
19. Qh6 d5 20. d4 dxe4 21. dxe5 Ng4 22. Qh3 Nxe5 23. f6 Bd6 24. Ng3 $16) 17. g4
h6 18. g5 $1 ({Dies ist kein Einsteller, wie auf vielen Webseiten behauptet
wurde! Falls Weiss versucht, mittels} 18. h4 {oder 18. Dg3 diesen Vorstoss
vorzubereiten, kann sich Schwarz rechtzeitig organisieren:} Nh7 $1 {[%csl Gg5]}
) 18... hxg5 19. Bxg5 Nxe4 20. dxe4 Bxg5 21. Rad1 ({Weiss hat einen Bauern
geopfert, dafür die g- und d-Linien aufgemacht. Das schwarze Läuferpaar ist
dem gegnerischen Springerpaar unterlegen, weil das Feld d5 sehr stark ist.
Dazu hatte Polgar hier fast eine Stunde weniger gedacht als ich.} 21. Kh1 {
[%cal Gf1g1,Gg1g8] war übrigens auch stark.}) 21... Bf6 ({Dieser Zug sieht
schlecht aus, aber ich fand keine befriedigende Alternative. Hier ist ungefähr,
was ich während der Partie gerechnet habe:} 21... Rd8 22. f6 $5 Bxf6 23. Ng3
Qc7 24. Nh5 {und}) (21... Qa7+ 22. Kh1 Qe3 23. Qg2 Rad8 24. Rf3 Bxe4 25. Nxe4
Qxe4 26. Nc3 Qc6 27. Nd5 {geben Weiss einen starken Angriff.}) ({Relativ
besser war} 21... f6 {, auch wenn Schwarz nach} 22. Nd5 {völlig gebunden ist.})
22. Nd5 $6 ({Dieser natürlich Zug lässt den Druck etwas nach. Polgar dachte
sich, dass ihr Vorteil im Zentrum genügen würde. Stärker war aber der
Königsangriff:} 22. Ng3 $5 Rd8 23. Nh5 Kf8 24. Kh1 Qc7 25. Rg1 $40) 22... Bxd5
23. Rxd5 Rd8 24. Nc3 Qa7+ 25. Kh1 Rac8 26. Rd3 ({Nach} 26. Rd2 {muss Weiss die
andere Opferversion finden:} Rc4 (26... b5 $6 27. Nd5 Bg5 28. Rg2 f6 29. h4
Bxh4 30. Qh3 Kf7 31. Rfg1 Bg5 32. Qh5+ Kg8 33. Rxg5 fxg5 34. Qxg5 $16) 27. Nd5
Rd4 {[%cal Gd4d5]} 28. Qe3 $140 Rxd5 $1 $13) 26... Rxc3 $1 27. Rxc3 ({
Vielleicht war es aussichtsreicher, eine Verschlechterung der eigenen Struktur
zu akzeptieren.} 27. bxc3 Qc5 28. a4 Qc4 29. Rb1 {Schwarz hat vielleicht nicht
ganz genug Kompensation. In der Partie befreit sich Schwarz von seiner
Schwäche auf d6.}) 27... d5 28. Rfc1 ({In der Analyse nach der Partie gelang
es uns keinen weissen Vorteil nachzuweisen. Z.B:} 28. Rd1 d4 29. Rc7 Qb6 30.
Rdc1 Qxb2 $13) ({oder} 28. Rd3 d4 (28... dxe4 $6 29. Rxd8+ Bxd8 30. Qxe4 Qb6
31. Rd1 Bf6 32. Rd2) 29. Rc1 b5 $44) 28... dxe4 29. Qxe4 Qf2 30. R3c2 Rd2 31.
Rxd2 Qxd2 32. Rc8+ (32. Rc2 Qd1+ 33. Kg2 Bg5 {ändert nicht viel}) 32... Kh7 33.
Rc2 Qd1+ 34. Kg2 Bg5 $1 {Dass Schwarz ein Abzugsschach zulassen darf, hatte
Polgar unterschätzt. Die Aktivierung des Läufers ist die einzige Chance und
reicht aus, um das Gleichgewicht zu halten.} 35. f6+ g6 36. Qc4 ({Nach} 36. Rc7
Qd2+ 37. Kf1 (37. Kh3 $6 Bf4 38. Qc2 Qd5) 37... Qd1+ 38. Kf2 Qd2+ 39. Qe2 Qd5 {
steht Schwarz gut}) 36... Qd7 37. Rf2 Bf4 38. Qb3 Kg8 39. Qh3 Qc6+ 40. Qf3 Qxf6
41. Qxb7 Qe6 42. h3 Qc4 43. b3 Qc3 44. Qf3 Qc5 45. b4 ({Die schwarze Dame
behindert den Vorstoss der weissen Bauern und bleibt in Reichweite des
gegnerischen Königs. Zum Dauerschach führt nun} 45. Qa8+ Kg7 46. Qxa6 Qd5+ 47.
Rf3 Qd2+) 45... Qc4 46. Qe2 Qc6+ 47. Qf3 Qc4 48. Rb2 Bc1 49. Rf2 1/2-1/2

[Event "Stepanakert Petrosian Memorial"]
[Site "Stepanakert"]
[Date "2004.03.11"]
[Round "3"]
[White "Pashikian, Arman"]
[Black "Pelletier, Yannick"]
[Result "1/2-1/2"]
[WhiteElo "2451"]
[BlackElo "2587"]
[Annotator "Pelletier,Y"]
[PlyCount "108"]
[EventDate "2004.03.09"]
[EventType "tourn"]
[EventRounds "9"]
[EventCountry "ARM"]
[EventCategory "13"]
[SourceTitle "EXT 2005"]
[Source "ChessBase"]
[SourceDate "2004.11.15"]
[SourceVersion "1"]
[SourceVersionDate "2004.11.15"]
[SourceQuality "1"]

1. e4 c5 2. Nc3 e6 3. Nf3 Nc6 4. d4 cxd4 5. Nxd4 Qc7 6. g3 a6 7. Bg2 Nf6 8. O-O
Nxd4 9. Qxd4 Bc5 10. Bf4 d6 11. Qd2 h6 12. Rad1 Ke7 ({Eine riskante aber
interessante Variante für diejenigen, die ein leicht schlechteres Spiel nach} 
12... e5 13. Be3 Be6 14. Bxc5 dxc5 15. Nd5 Bxd5 16. exd5 {vermeiden wollen.})
13. Be3 e5 14. Bxc5 Qxc5 15. Na4 Qc6 16. f4 {Die gefährlichste Variante. Der
schwarze König wird sofort angegriffen.} a5 17. Nc3 $5 ({Die Theorie betrachtet
} 17. Qd3 {[%cal Gd3a3] als beste Fortsetzung, aber mir scheint der Textzug
sehr unangenehme zu sein.}) 17... Qc5+ 18. Kh1 Bg4 ({Meine beiden letzten Züge
sind umstritten. Nach der Partie hielt mein Gegner} 18... Bd7 {für besser,
aber das überzeugt mich auch nicht.}) 19. Rde1 Rac8 20. fxe5 ({Nach} 20. f5 {
sieht es aus, als würde Schwarz seinen Läufer verlieren. Aber in Tat und
Wahrheit gibt es eine Rettung:} h5 (20... b5 21. h3 b4 22. Nd5+ Nxd5 23. exd5
Qxc2 24. Qe3) 21. Qg5 Kf8 22. Qh4 (22. h3 h4 $1 23. Nd5 Bxh3 $1 24. Bxh3 hxg3
25. Nxf6 Rxh3+ 26. Kg2 Rh2+ 27. Kxg3 Qxc2 $19 {Dies ist eigentlich eine knappe
aber wichtige Variante!}) 22... Rh6 (22... b5) 23. h3 b5 24. a4 b4 25. Nd5 Nxd5
26. exd5 Qxc2 27. f6 (27. Rc1 $2 Qxc1 28. Rxc1 Rxc1+ 29. Kh2 f6 $19) 27... Qh7
$5 {und Schwarz ist in Ordnung.}) 20... dxe5 21. Nd5+ Nxd5 22. exd5 f6 {
Solche Stellungen sind sehr kompliziert, deshalb mag ich ja auch diese
Variante! Strukturell steht Schwarz vorzüglich, was auch von der Anwesenheit
der weissfeldrigen Läufer unterzeichnet wird. Der einzige weisse Trumpf
besteht in der äusserst exponierten Lage des schwarzen Königs. In anderen
Worten: wenn Schwarz die nächsten 15 Züge überlebt, hat er alle Chancen, die
Partie zu gewinnen!} 23. Qd3 ({Die Opfervariante} 23. Qf4 Bd7 24. Rxe5+ $140
fxe5 25. Qxe5+ Kd8 26. Qxg7 {funktionniert nicht:} Kc7 27. Rf7 Qd6 $17) 23...
Bd7 ({Zu gefährlich ist} 23... Qxc2 24. d6+ Kd8 25. Qd5 $16 {Schwarz muss den
Punkt d6 ständig kontrollieren, sonst würde plötzlich der Bg2 ins Spiel kommen.
}) 24. c4 Kd6 (24... Qxc4 {wäre erneut gefährlich:} 25. d6+ Kd8 ({Das Endspiel
nach} 25... Kf8 26. Qxc4 Rxc4 27. Rxe5 {ist schwierig für Schwarz:} Bc6 (27...
Rd4 28. Rxa5 Rxd6 29. Ra8+ Be8 30. Bxb7 Kf7 31. a4 $16) 28. Re7 Rd4 29. Bxc6
bxc6 30. Rfe1 Kg8 31. R1e6 Kh7 32. Rxf6 $16) 26. Qg6 Rg8 27. Rxf6 $40) 25. b3 (
25. Qg6 Rhg8 26. b3 $36) 25... Rhe8 (25... b5 26. Rc1 b4 $5 (26... bxc4 $2 27.
Qg6 $1 $18) (26... Rhe8 27. Qg6 Re7 $140 $2 28. Rxf6+ gxf6 29. Qxf6+ Kc7 30.
d6+ $1 $18) 27. Be4 $36) 26. Qg6 (26. Be4 $5 {[%cal Ge4f5] war auch möglich,
um den Abtausch der weissfeldrigen Läufer anzustreben.}) 26... Re7 27. Rd1 Rf8
28. Rc1 b6 (28... Be8 29. Qb1 f5 30. a3 e4 31. b4 axb4 32. axb4 $18) (28... b5
29. cxb5 Qxb5 30. Rc4 $40) 29. Qd3 ({Der interessante Zug} 29. a3 $1 {wurde
nach der Partie von unserem jungen Partie-Demonstrator vorgeschlagen. Ja, die
kleinen armenischen Schachspieler haben Talent, davon machten sie in den
post-mortem Analysen mehrmals Beweis! Nach} Qxa3 30. b4 {muss Schwarz seine
Dame geben, um zu verhindern, dass ein weisser Turm ins eigene Lager mit
tödlichen Konsequenzen eindringt. Trotzdem bleibt die Stellung infolge von}
axb4 (30... Qxb4 31. c5+ bxc5 32. Rb1 Rb8 33. Rxb4 cxb4 34. Rxf6+ gxf6 35.
Qxf6+ Be6 36. Qxh6 $16) 31. c5+ bxc5 32. Ra1 Ra8 $1 33. Rxa3 Rxa3 $13 {[%csl
Gb4,Gc5] unklar, da die schwarzen verbundenen Bauern Gegenspiel versprechen.}
34. Rxf6+ $140 gxf6 35. Qxf6+ Be6 $13) 29... Rc8 30. Be4 b5 {Schwarz kann nur
mit einem Bauerndurchbruch Fortschritte erzielen. Eine Abwarte-Politik wäre in
dieser Situation wenig empfehlenswert.} 31. cxb5 ({Keine erfolgreiche
Abwicklung, aber bei knapper verbleibender Bedenkzeit war es nicht einfach,
die Konsequenzen richtig einzuschätzen.} 31. Qe2 b4 $5 32. g4 a4 {hätte zu
kompliziertem Spiel geführt.}) 31... Qxc1 32. Rxc1 Rxc1+ 33. Kg2 Rc5 34. b6 $2
({Die einzige Möglichkeit, das Gleichgewicht noch zu halten, bestand in} 34. a4
Bc8 (34... f5 $2 35. Bxf5 Rxd5 36. Qc3) 35. b4 $5 axb4 36. a5 f5 37. Bxf5 Bxf5
38. Qxf5 Rxb5 39. Qc8 Rc5 40. Qb8+ Kxd5 41. Qd8+ Ke6 42. Qb6+ {mit
Zugwiederholung.}) 34... Bb5 35. Qd2 Rb7 36. a4 (36. Kf2 Bd7) (36. b4 Rc4)
36... Bd7 37. b4 Rc4 (37... axb4 $2 38. Qxb4 f5 39. a5 $1 $18) 38. b5 ({
Es verliert} 38. bxa5 Rxe4 39. Qd3 Rd4 $1 (39... Rxa4 $2 40. Qa6 Bc8 41. Qb5
Ra2+ 42. Kf3 Ra3+ 43. Ke2 Rc3 44. a6 Rc2+ 45. Kd1 Rc5 46. axb7 Bxb7 47. Qe8
Rxd5+ 48. Ke1 $16) (39... Rb4 $6 40. Qa3 Kc5 41. Qc3+ Rc4 42. a6 Rxc3 43. axb7
Rc2+ 44. Kg1 Kd4 45. b8=Q Rc1+ 46. Kf2 Rc2+ 47. Kg1 (47. Ke1 $2 Ke3 48. Kd1
Bxa4 $19) 47... Rc1+ {und Schwarz gibt Dauerschach}) 40. Qa6 Bc8 41. Qa8 Rc4
$19 42. a6 $140 Rc2+ 43. Kf3 Rxb6 {und es droht Matt in zwei.}) 38... Rxa4 ({
Nach} 38... Rxe4 $5 39. Qxa5 Rc4 40. Qa8 Bc8 41. a5 {übersah ich} e4 $1 (41...
Rc2+ 42. Kf1 e4 43. a6 Rxb6 44. a7 Rxb5 (44... Bb7 $2 45. Qd8+ Kc5 46. Qc7+)
45. Qb8+ Rxb8 46. axb8=Q+ Kxd5 47. Qb3+ Rc4 48. Qb5+ $11) {, was nach} 42. a6 (
42. Kf2 Rc3 43. a6 e3+ $19) 42... Rxb6 43. a7 Bb7 44. Qb8+ (44. Qxb7 Rxb7 45.
a8=Q Rxb5 46. Qa6+ Kc5 47. d6 Rd4 48. Qa7+ Kc4 49. Qa4+ Rb4 50. Qc6+ Kd3 51. d7
Rb2+ 52. Kh3 Rd2 $19) 44... Kc5 45. d6 Rd4 {zu klarem Vorteil führt.}) 39. Qc2
Rb4 40. Bf5 Rxb6 41. Bxd7 Kxd7 42. Qg6 {Schwarz steht besser, aber wegen
seines exponierten Königs ist der Gewinn alles andere als leicht.} Kd6 43. Qxg7
Kxd5 44. Qxh6 Rb2+ 45. Kf3 Rb3+ $2 ({Es musste} 45... e4+ {geschehen. Nach} 46.
Ke3 ({oder} 46. Kf4 Rf2+ 47. Ke3 Rf3+ 48. Ke2 Rxb5 49. Qh5+ Kc4 50. Qf7+ Kc3
51. Qc7+ Kb2 52. Qc4 Rbb3 $19) 46... Rb3+ 47. Ke2 R3xb5 48. Qd2+ Ke6 49. Qa2+
Ke5 $17 {bleiben die Schachs aus, wonach Schwarz gewinnen sollte, z.B:}) 46.
Kg2 R3xb5 47. h4 Rb2+ 48. Kh3 a4 49. Qf8 Ra6 ({Schwarz hat keine Zeit, um
seine Türme zu koordinieren. Die weisse Dame ist zu kräftig.} 49... Kd4 50. h5
Rb1 51. Kg4) 50. Qd8+ Ke4 (50... Kc5 51. Qc7+ Kd4 52. Qd7+ Ke3 53. Qc8 Rab6 54.
Qc3+ Kf2 55. Qc5+ $11) 51. Qc8 $1 Rbb6 (51... Rd6 52. Qa8+) 52. Qc4+ Ke3 (52...
Kf5 $4 53. Qg4#) 53. Qc3+ Ke4 54. Qc4+ Ke3 1/2-1/2

[Event "Munich SKA"]
[Site "Munich"]
[Date "1991.05.05"]
[Round "2"]
[White "Kindermann, Stefan"]
[Black "Polgar, Judit"]
[Result "0-1"]
[WhiteElo "2515"]
[BlackElo "2540"]
[Annotator "Polgar,J"]
[PlyCount "68"]
[EventDate "1991.05.04"]
[EventType "tourn"]
[EventRounds "13"]
[EventCountry "GER"]
[EventCategory "14"]
[SourceTitle "CBM 023"]
[Source "ChessBase"]
[SourceDate "1991.08.01"]
[SourceVersion "1"]
[SourceVersionDate "1991.08.01"]
[SourceQuality "1"]

1. e4 c5 2. Nf3 Nc6 3. d4 cxd4 4. Nxd4 Qc7 5. Nc3 (5. Nb5 Qb8 6. c4 b6 7. Be3
Nf6 8. Nd2 g6 9. Be2 Bg7 10. O-O O-O 11. f4 $6 (11. Rc1 $5) 11... d6 12. Rc1
Nd7 13. Nc3 Nc5 14. Ndb1 Bb7 15. Bf3 Ne6 16. Qd2 Ncd4 17. Nd5 Qd8 18. Nbc3 f5
$13 {Yudasin,L-Polgar,Judit Munchen 1991.}) 5... e6 6. g3 a6 7. Bg2 d6 8. O-O
Be7 9. Be3 (9. Re1) 9... Ne5 {N} 10. a4 Bf6 (10... Bd7 $142) 11. Qe2 $6 (11.
Nce2 $5) 11... Bd7 (11... Nc4 $2 12. Ndb5 $1 axb5 13. Nxb5 Qc6 14. Qxc4 $18)
12. Rad1 Rc8 (12... Nc4 $6 13. Bc1 Rc8 14. b3 Ne5 (14... Qb6 15. bxc4 Bxd4 16.
Qd3 $16) 15. Bb2 $16) 13. Bc1 (13. f4 $6 Nc4 14. Bc1 Qb6) 13... Qb6 14. Nb3 (
14. Kh1 Nc4 15. Nb3 Nxb2 16. Bxb2 Bxc3 17. Bxc3 Rxc3 18. Qd2 Rc6 $17) 14... Nc4
15. Rd3 Ne7 (15... Ne5 $10) 16. Kh1 Nc6 17. f4 Nb4 18. Rdf3 O-O 19. g4 g6 $6 (
19... d5 $1 20. e5 Bd8 $17) 20. f5 exf5 $2 (20... Be5 $6 21. f6 {22Qe1-h4}) (
20... Ne5 21. Rh3 Qd8 $1 $15) 21. gxf5 Bg7 (21... Be5 $5 22. Rh3 f6 23. fxg6
hxg6 24. Rh6 Kg7 25. Rg1 Rh8 26. Bh3 $1) 22. f6 Bh8 23. Bh3 $1 Bxh3 (23... Qc7
$5 24. Bxd7 Qxd7 25. Nd4 $40) 24. Rxh3 d5 25. Qf3 Rfe8 (25... d4 $2 26. Qh5 $3
gxh5 27. Rg1+ Bg7 28. Rxg7+ Kh8 29. Rxh5 $18) 26. exd5 (26. Qf4 $1 Qxf6 27.
Qxf6 Bxf6 28. Rxf6 dxe4 29. Rf2 f5 $146) 26... Qd6 27. Rh4 (27. Qg4 Nxd5 28.
Qh4 h5 29. Qxh5 gxh5 30. Rg1+ Bg7 31. Rxg7+ Kf8 32. Bh6 Nxf6 $19) (27. Nd4 Bxf6
$2 (27... Qxf6 28. Qxf6 Bxf6 29. Rxf6 Re1+ 30. Kg2 Rxc1 $17) 28. Nb3 $1) 27...
Nxc2 28. Qh3 N4e3 $1 (28... Bxf6 29. Rhf4) 29. Rxh7 Bxf6 30. Ne4 Qxd5 (30...
Rxe4 $19) 31. Rxf6 Rxe4 32. Rh8+ Kg7 33. Rxf7+ Kxf7 34. Rh7+ Kf6 0-1